000 00482nam a2200181Ia 4500
005 20250326123921.0
008 250326s9999 xx 000 0 und d
037 _aTextbook
040 _aFMSL
_beng
_cFMSL
041 _aeng
_2eng
084 _aSNI K72
_qFMSL
100 _aMillenson J R
245 0 _aPrinciples of behavioral analysis
_cMillenson J R
260 _aNY
_bNY, Macmillan
_c1967
300 _a488p
942 _cTB
_hSNI K72
999 _c1271465
_d1271465